[Event "Dieren op"]
[Site "Dieren"]
[Date "2005.08.04"]
[Round "9"]
[White "Sprangers, Remco"]
[Black "Remmel, Tim"]
[Result "0-1"]
[WhiteElo "2130"]
[BlackElo "2212"]
[PlyCount "60"]
[EventDate "2005.07.26"]
[EventType "swiss"]
[EventRounds "9"]
[EventCountry "NED"]
[SourceTitle "CBM 107 Extra"]
[Source "ChessBase"]
[SourceDate "2005.09.01"]
[SourceVersion "1"]
[SourceVersionDate "2005.09.01"]
[SourceQuality "1"]

1. e4 c5 2. d4 cxd4 3. c3 g6 4. Nf3 Bg7 5. Bc4 e6 6. 0-0 Nc6 7. cxd4 d5 8. exd5 exd5 9. Bb5 Nge7 10. Ne5 0-0 11. Bxc6 Nxc6 12. Nxc6 bxc6 13. Be3 Ba6 14. Re1 Qb6 15. b3 f5 16. Nc3 f4 17. Na4 fxe3 18. Nxb6 exf2+ 19. Kh1 axb6 20. Rf1 Bxf1 21. Qxf1 Bxd4 22. Rd1 Rxa2 23. g3 Ra1 24. Rxa1 Bxa1 25. Kg2 Bd4 26. h4 c5 27. h5 b5 28. Kh3 c4 29. Kg4 gxh5+ 30. Kxh5 cxb3 0-1

[Event "Dieren op"]
[Site "Dieren"]
[Date "2005.07.28"]
[Round "3"]
[White "Hoynck van Papendrecht, Frans M"]
[Black "Remmel, Tim"]
[Result "0-1"]
[WhiteElo "2034"]
[BlackElo "2212"]
[PlyCount "114"]
[EventDate "2005.07.26"]
[EventType "swiss"]
[EventRounds "9"]
[EventCountry "NED"]
[SourceTitle "CBM 107 Extra"]
[Source "ChessBase"]
[SourceDate "2005.09.01"]
[SourceVersion "1"]
[SourceVersionDate "2005.09.01"]
[SourceQuality "1"]

1. e4 d5 2. exd5 Qxd5 3. Nc3 Qa5 4. d4 c6 5. Bc4 Bf5 6. Bd2 e6 7. g4 Bg6 8. Qe2 Bb4 9. h4 h5 10. Nf3 Nd7 11. d5 cxd5 12. Nxd5 Bxd2+ 13. Nxd2 0-0-0 14. Nf4 Ne7 15. Rh3 Qe5 16. Nxg6 Qxe2+ 17. Bxe2 Nxg6 18. gxh5 Nf4 19. Rg3 Nxh5 20. Bxh5 Rxh5 21. Rxg7 Rxh4 22. 0-0-0 Rf4 23. Rg2 Ne5 24. Re1 Ng4 25. f3 Nf6 26. b3 Kc7 27. Rg7 Ne8 28. Rh7 Rd7 29. Re3 b6 30. Rc3+ Kb7 31. Ne4 Nf6 32. Ng5 Nxh7 33. Nxh7 Rf5 34. Re3 Rd8 35. f4 Rxf4 36. Ng5 Rf5 37. Nf3 Rc5 38. Ne5 Rc7 39. Rf3 f5 40. b4 Rd4 41. b5 Rd5 42. Nc6 Rxc6 43. bxc6+ Kxc6 44. Ra3 a5 45. Rc3+ Kd6 46. Rb3 b5 47. a4 b4 48. Rf3 Ke5 49. Re3+ Kf6 50. Kb2 Rc5 51. Rh3 f4 52. Rh6+ Ke5 53. Kc1 b3 54. c3 Rxc3+ 55. Kb2 Rc5 56. Kxb3 f3 57. Rh5+ Kd4 0-1

[Event "Martin Christoffel mem Red corr"]
[Site "Switzerland"]
[Date "2003.04.28"]
[Round "?"]
[White "Remmel, Tim"]
[Black "Gysi, Adolf"]
[Result "0-1"]
[WhiteElo "2545"]
[BlackElo "2470"]
[PlyCount "42"]
[EventDate "2002.06.01"]
[EventType "tourn (corr)"]
[EventRounds "8"]
[EventCountry "SUI"]
[SourceTitle "Corr 2006"]
[Source "ChessBase"]
[SourceDate "2006.04.01"]
[SourceVersion "3"]
[SourceVersionDate "2006.04.01"]
[SourceQuality "1"]

1. e4 e5 2. Nf3 Nc6 3. d4 exd4 4. Nxd4 Bc5 5. Nxc6 Qf6 6. Qd2 dxc6 7. Nc3 Qe7 8. Qg5 Nf6 9. Be3 Bxe3 10. Qxe3 0-0 11. 0-0-0 b5 12. Bd3 Re8 13. Rhe1 b4 14. Na4 Nd7 15. Kb1 Nb6 16. Nc5 a5 17. Bf1 a4 18. c3 b3 19. a3 Ra5 20. Nd3 Nc4 21. Qf4 c5 0-1

[Event "Lost Boys op"]
[Site "Amsterdam"]
[Date "2000.08.14"]
[Round "4"]
[White "Remmel, Tim"]
[Black "Peng, Zhaoqin"]
[Result "0-1"]
[WhiteElo "2225"]
[BlackElo "2403"]
[PlyCount "64"]
[EventDate "2000.08.05"]
[EventType "swiss"]
[EventRounds "9"]
[EventCountry "NED"]
[SourceTitle "CBM 077 Extra"]
[Source "ChessBase"]
[SourceDate "2000.09.14"]
[SourceVersion "1"]
[SourceVersionDate "2000.09.14"]
[SourceQuality "1"]

1. e4 e6 2. Qe2 c5 3. g3 Nc6 4. Bg2 g6 5. f4 Bg7 6. Nf3 Nge7 7. 0-0 d6 8. c3 0-0 9. d3 e5 10. Be3 b6 11. Nbd2 h6 12. Nh4 f6 13. f5 g5 14. Nhf3 d5 15. exd5 Nxd5 16. g4 Bb7 17. Ne4 Qc7 18. Rad1 Rad8 19. h4 Qe7 20. hxg5 hxg5 21. Kf2 Nf4 22. Bxf4 exf4 23. Rh1 Rfe8 24. Rh5 c4 25. Qc2 cxd3 26. Qb3+ Kf8 27. Re1 d2 28. Nexd2 Rxd2+ 29. Kf1 Re2 30. Rxe2 Qxe2+ 31. Kg1 Ne5 32. Qa3+ Re7 0-1

[Event "Limburg op U18"]
[Site "Venlo"]
[Date "2000.07.06"]
[Round "2"]
[White "Remmel, Tim"]
[Black "Van Otten, Gerard J"]
[Result "1-0"]
[WhiteElo "2225"]
[BlackElo "2226"]
[PlyCount "112"]
[EventDate "2000.07.??"]
[EventType "swiss"]
[EventRounds "7"]
[EventCountry "NED"]
[SourceTitle "EXT 2002"]
[Source "ChessBase"]
[SourceDate "2001.11.25"]
[SourceVersion "1"]
[SourceVersionDate "2001.11.25"]
[SourceQuality "1"]

1. c4 c5 2. Nc3 Nf6 3. Nf3 Nc6 4. d4 cxd4 5. Nxd4 g6 6. e4 d6 7. Be2 Bg7 8. Be3 Nxd4 9. Bxd4 0-0 10. 0-0 Be6 11. Qd2 Qa5 12. Rfd1 Rfc8 13. b3 Qd8 14. Rac1 a6 15. f3 Nd7 16. Be3 Rab8 17. g4 Qa5 18. Kg2 Ne5 19. h3 Nc6 20. f4 Re8 21. Nd5 Qd8 22. Bb6 Qc8 23. b4 Nd8 24. Ba7 Nc6 25. Bxb8 Qxb8 26. b5 Nd8 27. b6 Bd7 28. Nc7 Rf8 29. Bf3 Ba4 30. Re1 Bc6 31. Qa5 Qc8 32. c5 dxc5 33. Qxc5 Ne6 34. Nxe6 Qxe6 35. Re2 Rd8 36. Rce1 Bd4 37. Qb4 Qf6 38. Kg3 Bb5 39. Rd2 Bxb6 40. e5 Qe6 41. Rxd8+ Bxd8 42. Rd1 Bb6 43. a4 Qa2 44. Rd2 Qa1 45. Bd1 Bc6 46. Qb2 Qxb2 47. Rxb2 Bd4 48. Rd2 Bc3 49. Rd8+ Kg7 50. Bf3 Be1+ 51. Kg2 Bxa4 52. Bxb7 a5 53. Rd4 Bb4 54. Be4 Bb5 55. Rd1 e6 56. Ra1 h6 1-0

[Event "Lost Boys op"]
[Site "Amsterdam"]
[Date "2000.??.??"]
[Round "?"]
[White "Remmel, Tim"]
[Black "Konguvel, Ponnuswamy"]
[Result "0-1"]
[WhiteElo "2225"]
[BlackElo "2375"]
[PlyCount "116"]
[EventDate "2000.08.05"]
[EventType "swiss"]
[EventRounds "9"]
[EventCountry "NED"]
[SourceTitle "EXT 2002"]
[Source "ChessBase"]
[SourceDate "2001.11.25"]
[SourceVersion "1"]
[SourceVersionDate "2001.11.25"]
[SourceQuality "1"]

1. e4 c5 2. Nf3 Nc6 3. Nc3 g6 4. Bb5 Bg7 5. 0-0 d6 6. e5 dxe5 7. Bxc6+ bxc6 8. Re1 Qc7 9. d3 Rb8 10. Ne4 Nf6 11. Nxc5 Rb5 12. Nb3 Nd7 13. c4 Rb8 14. d4 0-0 15. Nxe5 Nxe5 16. Bf4 Be6 17. Bxe5 Bxe5 18. dxe5 Bxc4 19. Nd2 Bd5 20. Qc2 Rb4 21. Nf1 Rfb8 22. b3 a5 23. Rad1 Qb6 24. Qd2 e6 25. Re3 Rg4 26. Ng3 a4 27. h3 Rh4 28. bxa4 Rxa4 29. Nh5 Rxa2 30. Nf6+ Kg7 31. Qc1 Qb2 32. Rf1 Qxc1 33. Rxc1 Rbb2 34. Nxd5 cxd5 35. Rf3 Rb7 36. Re1 Rab2 37. Rf4 Rb1 38. Kf1 g5 39. Rg4 h6 40. h4 R1b4 41. Rxb4 Rxb4 42. hxg5 hxg5 43. f3 g4 44. Kf2 Kg6 45. Kg3 gxf3 46. gxf3 Kf5 47. Re3 Rb1 48. Re2 Rd1 49. Re3 d4 50. Re4 d3 51. Kf2 d2 52. Rd4 Kxe5 53. Rd7 Rh1 54. Ke2 d1Q+ 55. Rxd1 Rxd1 56. Kxd1 Kf4 57. Ke2 Kg3 58. Ke3 f5 0-1

[Event "Groningen SO ON op-A"]
[Site "Groningen"]
[Date "2000.??.??"]
[Round "7"]
[White "Remmel, Tim"]
[Black "L'Ami, Erwin"]
[Result "1/2-1/2"]
[WhiteElo "2225"]
[BlackElo "2295"]
[PlyCount "42"]
[EventDate "2000.12.??"]
[EventType "swiss"]
[EventRounds "9"]
[EventCountry "NED"]
[SourceTitle "EXT 2002"]
[Source "ChessBase"]
[SourceDate "2001.11.25"]
[SourceVersion "1"]
[SourceVersionDate "2001.11.25"]
[SourceQuality "1"]

1. e4 c5 2. Nf3 d6 3. c3 Nf6 4. Be2 Nc6 5. d4 cxd4 6. cxd4 Nxe4 7. d5 Qa5+ 8. Nc3 Nxc3 9. bxc3 Ne5 10. 0-0 g6 11. Nxe5 dxe5 12. Rb1 b6 13. Bb5+ Bd7 14. Qe2 Bg7 15. Qc4 Rd8 16. d6 Bxb5 17. Rxb5 Qa6 18. Qc6+ Rd7 19. Qa8+ Rd8 20. Qc6+ Rd7 21. Qa8+ Rd8 1/2-1/2

[Event "VAM Hoogeveen op"]
[Site "Hoogeveen"]
[Date "1999.10.23"]
[Round "9"]
[White "Remmel, Tim"]
[Black "Tare, Marenglan"]
[Result "1-0"]
[WhiteElo "2201"]
[BlackElo "2139"]
[PlyCount "41"]
[EventDate "1999.10.15"]
[EventType "swiss"]
[EventRounds "9"]
[EventCountry "NED"]
[SourceTitle "EXT 2000"]
[Source "ChessBase"]
[SourceDate "1999.11.16"]
[SourceVersion "1"]
[SourceVersionDate "1999.11.16"]
[SourceQuality "1"]

1. e4 c6 2. Ne2 d5 3. e5 e6 4. d4 c5 5. c3 Nc6 6. Nd2 Qb6 7. Nf3 cxd4 8. cxd4 Bb4+ 9. Bd2 Nge7 10. g3 Nf5 11. Bh3 Nfxd4 12. Nexd4 Nxd4 13. Nxd4 Qxd4 14. Qa4+ Bd7 15. Qxb4 Qxe5+ 16. Be3 Bc6 17. 0-0 a5 18. Qd4 Qxd4 19. Bxd4 0-0 20. f4 Rfe8 21. Rfe1 1-0

[Event "VAM Hoogeveen op"]
[Site "Hoogeveen"]
[Date "1999.10.20"]
[Round "6"]
[White "Erwich, Marc"]
[Black "Remmel, Tim"]
[Result "1-0"]
[WhiteElo "2059"]
[BlackElo "2201"]
[PlyCount "71"]
[EventDate "1999.10.15"]
[EventType "swiss"]
[EventRounds "9"]
[EventCountry "NED"]
[SourceTitle "EXT 2000"]
[Source "ChessBase"]
[SourceDate "1999.11.16"]
[SourceVersion "1"]
[SourceVersionDate "1999.11.16"]
[SourceQuality "1"]

1. e4 d5 2. exd5 Qxd5 3. Nc3 Qa5 4. d4 c6 5. Nf3 Nf6 6. Bc4 Bf5 7. Bd2 e6 8. Qe2 Bb4 9. 0-0-0 Nbd7 10. Nh4 Bg4 11. f3 Bxc3 12. bxc3 Bh5 13. Kb2 g5 14. g4 gxh4 15. gxh5 Qxh5 16. Rhg1 h6 17. Bb3 0-0-0 18. c4 Rhg8 19. Bc3 Kb8 20. Qe3 Rg5 21. d5 Rf5 22. dxe6 Rxf3 23. e7 Re8 24. Qd2 Rxc3 25. Qxc3 Rxe7 26. Rge1 Rxe1 27. Rxe1 Qf5 28. Qd4 a5 29. Re7 Qc5 30. Qf4+ Ka7 31. Rxf7 Qb6 32. a4 Qg1 33. Qxh4 h5 34. Rxf6 Qg7 35. Qd4+ c5 36. Ra6+ 1-0

[Event "VAM Hoogeveen op"]
[Site "Hoogeveen"]
[Date "1999.10.19"]
[Round "5"]
[White "Remmel, Tim"]
[Black "Azadmanesh, Moosa"]
[Result "1-0"]
[WhiteElo "2201"]
[BlackElo "2147"]
[PlyCount "49"]
[EventDate "1999.10.15"]
[EventType "swiss"]
[EventRounds "9"]
[EventCountry "NED"]
[SourceTitle "EXT 2000"]
[Source "ChessBase"]
[SourceDate "1999.11.16"]
[SourceVersion "1"]
[SourceVersionDate "1999.11.16"]
[SourceQuality "1"]

1. g3 e6 2. Bg2 Nf6 3. e4 d5 4. e5 Nfd7 5. Nf3 c5 6. 0-0 Nc6 7. Re1 g5 8. h3 h5 9. d4 Be7 10. c3 b6 11. c4 Nf8 12. Nc3 g4 13. hxg4 hxg4 14. Nh2 Nxd4 15. cxd5 exd5 16. Nxd5 Rb8 17. Nxg4 Nfe6 18. Qa4+ Bd7 19. Qxa7 Nc2 20. Ngf6+ Bxf6 21. Nxf6+ Ke7 22. Rd1 Ncd4 23. Be3 Rc8 24. f4 Rc7 25. Nd5+ 1-0

[Event "NED U20 op"]
[Site "Hengelo"]
[Date "1999.08.13"]
[Round "7"]
[White "Remmel, Tim"]
[Black "Iljushin, Alexei"]
[Result "0-1"]
[WhiteElo "2201"]
[BlackElo "2527"]
[PlyCount "92"]
[EventDate "1999.08.09"]
[EventType "swiss"]
[EventRounds "9"]
[EventCountry "NED"]
[SourceTitle "CBM 071 Extra"]
[Source "ChessBase"]
[SourceDate "1999.09.14"]
[SourceVersion "1"]
[SourceVersionDate "1999.09.14"]
[SourceQuality "1"]

1. e4 c5 2. Nf3 e6 3. d4 cxd4 4. Nxd4 Nf6 5. Nc3 d6 6. g3 Nc6 7. Bg2 Bd7 8. 0-0 a6 9. b3 Rc8 10. Bb2 Be7 11. Re1 0-0 12. Qd2 Qc7 13. Rad1 Rfd8 14. h3 Ne8 15. Nde2 b5 16. a3 Qb6 17. Nf4 Bf6 18. Kh2 Qa7 19. Nd3 Bd4 20. f4 e5 21. f5 Ne7 22. Nc1 Bc6 23. N1e2 Bf2 24. Rf1 Be3 25. Qd3 Nf6 26. Nd5 Nexd5 27. exd5 Bd7 28. g4 h6 29. Rf3 Bb6 30. Ng3 Qc7 31. c3 a5 32. Bc1 Nxd5 33. Qxd5 Bc6 34. Qd3 Bxf3 35. Qxf3 Qxc3 36. Qb7 Qxb3 37. Rxd6 Bg1+ 38. Kxg1 Rxc1+ 39. Kh2 Rxd6 40. Qb8+ Kh7 41. Qxd6 Qe3 42. h4 Qf4 43. f6 Rc3 44. Be4+ g6 45. Bd3 Qd2+ 46. Kh3 Qxd3 0-1

[Event "NED U20 op"]
[Site "Hengelo"]
[Date "1999.08.11"]
[Round "4"]
[White "Remmel, Tim"]
[Black "Janssen, Ruud"]
[Result "1/2-1/2"]
[WhiteElo "2201"]
[BlackElo "2448"]
[PlyCount "95"]
[EventDate "1999.08.09"]
[EventType "swiss"]
[EventRounds "9"]
[EventCountry "NED"]
[SourceTitle "CBM 071 Extra"]
[Source "ChessBase"]
[SourceDate "1999.09.14"]
[SourceVersion "1"]
[SourceVersionDate "1999.09.14"]
[SourceQuality "1"]

1. e4 c5 2. Nf3 d6 3. c3 Nf6 4. Be2 g6 5. 0-0 Bg7 6. Re1 0-0 7. Bf1 Nc6 8. h3 e5 9. d3 d5 10. Nbd2 Re8 11. a3 d4 12. cxd4 cxd4 13. b4 b5 14. Nb3 a5 15. Bb2 axb4 16. axb4 Rxa1 17. Qxa1 Bf8 18. Na5 Bd7 19. Nxc6 Bxc6 20. Qa6 Qa8 21. Qxa8 Bxa8 22. Ra1 Nd7 23. Be2 f6 24. Bd1 Kf7 25. Bb3+ Ke7 26. h4 h5 27. Kf1 Bb7 28. Ra7 Bc6 29. Ra6 Rc8 30. Ke2 Ke8 31. Ne1 Bd6 32. Nc2 Nb8 33. Ra5 Bc7 34. Ra7 Nd7 35. g3 Ke7 36. f3 Bb6 37. Ra1 Nf8 38. Ra6 Rb8 39. Ne1 Ne6 40. f4 Nc7 41. Ra1 Bd7 42. Nf3 Bg4 43. Kf2 Rf8 44. Kg2 Kd6 45. fxe5+ fxe5 46. Ng5 Ke7 47. Rc1 Rf6 48. Rc2 1/2-1/2

[Event "Dieren op"]
[Site "Dieren"]
[Date "1999.07.24"]
[Round "5"]
[White "Bakker, Sven"]
[Black "Remmel, Tim"]
[Result "1/2-1/2"]
[WhiteElo "2144"]
[BlackElo "2201"]
[PlyCount "96"]
[EventDate "1999.07.20"]
[EventType "swiss"]
[EventRounds "9"]
[EventCountry "NED"]
[SourceTitle "CBM 071 Extra"]
[Source "ChessBase"]
[SourceDate "1999.09.14"]
[SourceVersion "1"]
[SourceVersionDate "1999.09.14"]
[SourceQuality "1"]

1. d4 Nf6 2. c4 d6 3. Nc3 e5 4. Nf3 Nbd7 5. e4 g6 6. g3 Bg7 7. Bg2 0-0 8. 0-0 c6 9. Re1 a6 10. d5 Qc7 11. Nd2 Rb8 12. Nb3 cxd5 13. cxd5 b5 14. Be3 Nb6 15. Nd2 Ng4 16. Rc1 Nxe3 17. Rxe3 Bh6 18. Re1 Bg4 19. f3 Qa7 20. Kh1 Bd7 21. Rc2 Rbc8 22. Bf1 f5 23. Bd3 Bxd2 24. Qxd2 f4 25. g4 Be8 26. Qf2 Rf7 27. Rec1 Rfc7 28. Nb1 Qb7 29. b3 Rxc2 30. Rxc2 Rxc2 31. Qxc2 Qc8 32. Qxc8 Nxc8 33. b4 Nb6 34. Nc3 Kf7 35. h4 Ke7 36. Kg1 h6 37. Kf2 g5 38. hxg5 hxg5 39. a3 Bd7 40. Ke1 Kd8 41. Kd2 Kc7 42. Ke1 Kb7 43. Kd2 Be8 44. Ke1 Nc8 45. Kd2 Ne7 46. Ke1 Ng8 47. Be2 Nf6 48. Kd2 Bf7 1/2-1/2

[Event "Dieren op"]
[Site "Dieren"]
[Date "1999.07.23"]
[Round "4"]
[White "Remmel, Tim"]
[Black "Savchenko, Stanislav"]
[Result "0-1"]
[WhiteElo "2201"]
[BlackElo "2583"]
[PlyCount "106"]
[EventDate "1999.07.20"]
[EventType "swiss"]
[EventRounds "9"]
[EventCountry "NED"]
[SourceTitle "CBM 071 Extra"]
[Source "ChessBase"]
[SourceDate "1999.09.14"]
[SourceVersion "1"]
[SourceVersionDate "1999.09.14"]
[SourceQuality "1"]

1. e4 c5 2. Nf3 d6 3. c3 Nf6 4. Be2 Bd7 5. d3 g6 6. 0-0 Bg7 7. e5 dxe5 8. Nxe5 Nc6 9. Nxd7 Qxd7 10. Be3 b6 11. Nd2 Nd5 12. Nf3 Nxe3 13. fxe3 Bh6 14. e4 0-0 15. Qe1 Bg7 16. Qh4 e6 17. Rf2 Rad8 18. Raf1 h6 19. Re1 b5 20. Bf1 b4 21. e5 Qd5 22. c4 Qd7 23. Qf4 Qe7 24. h4 Nd4 25. Nd2 Nc6 26. Nf3 Nd4 27. Nd2 Nf5 28. Nf3 Rd7 29. Kh2 Qd8 30. Kh3 Nd4 31. Nd2 f5 32. Nf3 a5 33. g3 a4 34. Kh2 g5 35. hxg5 hxg5 36. Qe3 g4 37. Nxd4 Rxd4 38. Kg1 Qe7 39. Ree2 Qf7 40. Rh2 Qg6 41. Ref2 Rf7 42. Rf4 Bh6 43. Rxh6 Qxh6 44. Rxg4+ Kh7 45. Qxh6+ Kxh6 46. Rg8 Rg7 47. Rh8+ Kg5 48. Be2 f4 49. g4 f3 50. Bxf3 Rxd3 51. Kg2 Kf4 52. Rf8+ Kxe5 53. Rc8 Rf7 0-1

[Event "Haarlem AKN op 08th"]
[Site "Haarlem"]
[Date "1999.07.04"]
[Round "5"]
[White "Pelter, Yehuda Z"]
[Black "Remmel, Tim"]
[Result "0-1"]
[WhiteElo "2043"]
[BlackElo "2201"]
[PlyCount "78"]
[EventDate "1999.07.02"]
[EventType "swiss"]
[EventRounds "6"]
[EventCountry "NED"]
[SourceTitle "EXT 2000"]
[Source "ChessBase"]
[SourceDate "1999.11.16"]
[SourceVersion "1"]
[SourceVersionDate "1999.11.16"]
[SourceQuality "1"]

1. d4 Nf6 2. Bg5 d6 3. Nd2 Nbd7 4. e3 g6 5. Ngf3 Bg7 6. Bd3 0-0 7. 0-0 c5 8. c3 b6 9. e4 Bb7 10. Qe2 h6 11. Bxf6 Nxf6 12. d5 Bc8 13. Rfe1 e6 14. dxe6 Bxe6 15. c4 Re8 16. Qd1 Nh5 17. Rb1 Nf4 18. Nf1 b5 19. Ne3 Qa5 20. a3 b4 21. a4 Bd7 22. b3 Bc3 23. Rf1 Bc6 24. Nd5 Bxd5 25. exd5 Qd8 26. g3 Nh3+ 27. Kg2 Qd7 28. Nd2 Ng5 29. f4 Qh3+ 30. Kh1 Re3 31. Qc2 Rxg3 32. Ne4 Rxd3 33. fxg5 Re8 34. Qf2 Re7 35. Nxd6 Rd2 36. Qg3 Qxg3 37. hxg3 Ree2 38. Rfd1 Rh2+ 39. Kg1 Bd4+ 0-1